000 00584nam a22001817a 4500
005 20241003061513.0
008 241003b |||||||| |||| 00| 0 eng d
020 _a9781485150251
041 _aEnglish
082 _a344.1 AWA
100 _lEnglish
245 _aGeneral Principles on Workplace Disciplinary Procedures: A Namibian Perspective /
_cM Awarab and C Mukaya
250 _aFirst Edition
260 _aCape Town:
_bJuta and Company Ltd,
_c2023
300 _bx, 142 pages;
_c26 cm.
650 _aLegal practice
_bLaw
942 _cBK
_6ALISON_BN_VRIES
999 _c3204
_d3204